Vybrané problémy globálnej (európskej) hospodárskej krízy - vývoj vybraných ukazovateľov finančného sektora
Globálna ekonomika a perspektívy do budúcnosti. Nástroje regulácie hospodárskej súťaže. Súčasná a budúca pozícia ekonomiky Slovenskej republiky v podmienkach globálnej, finančnej, hospodárskej, dlhovej, spoločenskej a etickej krízy.
Saved in:
| Main Author: | |
|---|---|
| Other Authors: | , |
| Format: | Book Chapter |
| Language: | Slovak |
| Subjects: | |
| Tags: |
No Tags, Be the first to tag this record!
|
MARC
| LEADER | 00000nla$a2200000$$$4500 | ||
|---|---|---|---|
| 001 | 0147002 | ||
| 005 | 20240502072645.0 | ||
| 041 | 0 | |a slo | |
| 044 | |a SK | ||
| 245 | 1 | 0 | |a Vybrané problémy globálnej (európskej) hospodárskej krízy - vývoj vybraných ukazovateľov finančného sektora |c Martin Matušovič, Miroslav Tóth, Alena Tóthová |
| 520 | |a Globálna ekonomika a perspektívy do budúcnosti. Nástroje regulácie hospodárskej súťaže. Súčasná a budúca pozícia ekonomiky Slovenskej republiky v podmienkach globálnej, finančnej, hospodárskej, dlhovej, spoločenskej a etickej krízy. | ||
| 610 | 2 | 0 | |a kríza hospodárska |
| 610 | 2 | 0 | |a kríza finančná |
| 610 | 2 | 0 | |a nástroje riadenia |
| 610 | 2 | 0 | |a súťaž hospodárska |
| 610 | 2 | 0 | |a vývoj hospodársky |
| 610 | 2 | 0 | |a rozvoj trvalo udržateľný |
| 610 | 2 | 0 | |a globalizácia |
| 610 | 2 | 0 | |a ukazovatele ekonomické |
| 100 | 1 | |a Matušovič, Martin | |
| 700 | 1 | |a Tóth, Miroslav, 1961- | |
| 700 | 1 | |a Tóthová, Alena, 1968- | |